[Event "La Pobla de Lillet Open"]
[Site "?"]
[Date "2003.??.??"]
[Round "9"]
[White "Peralta Fernando"]
[Black "Borges Mateos Juan"]
[Result "1-0"]
[WhiteElo "2513"]
[BlackElo "2465"]
[PlyCount "65"]
[EventDate "2003.??.??"]
[Source "www.chesslib.no"]
[SourceDate "2004.05.04"]

1. Nf3 c5 2. c4 Nf6 3. Nc3 d5 4. cxd5 Nxd5 5. e3 e6 6. d4 Nc6 7. Bc4 Be7 8. O-O cxd4 9. exd4 O-O 10. Re1 Nf6 11. a3 Qd6 12. Bg5 a6 13. Qd3 b5 14. Ba2 Bb7 15. Rad1 Rad8 16. d5 Qc7 17. Qc2 exd5 18. Nxd5 Nxd5 19. Bxd5 Bxg5 20. Nxg5 g6 21. Qe4 Na5 22. Qh4 h5 23. Ne4 Bxd5 24. Nf6+ Kg7 25. Nxh5+ gxh5 26. Qg5+ Kh7 27. Qxh5+ Kg7 28. Qg5+ Kh7 29. Rd4 Qc4 30. Rh4+ Qxh4 31. Qxh4+ Kg7 32. Qg5+ Kh7 33. Re3 1-0

[Event "Valle d'Aosta op 10th"]
[Site "Valle d'Aosta"]
[Date "2002.02.14"]
[Round "6"]
[White "Acs, Peter"]
[Black "Efimov, Igor"]
[Result "0-1"]
[WhiteElo "2526"]
[BlackElo "2444"]
[PlyCount "56"]
[EventDate "2002.02.09"]
[Source "ChessBase"]
[SourceDate "2002.03.14"]

1. e4 c6 2. d4 d5 3. exd5 cxd5 4. c4 Nf6 5. Nc3 e6 6. Nf3 Bb4 7. Bd3 Nc6 8. O-O dxc4 9. Bxc4 O-O 10. Bg5 Be7 11. a3 a6 12. Ba2 b6 13. Qd3 Bb7 14. Rad1 Qc7 15. Bxf6 Bxf6 16. d5 Ne5 17. Nxe5 Bxe5 18. dxe6 fxe6 19. Qh3 Rf6 20. Bxe6+ Kh8 21. Rd7 Qb8 22. Rfd1 Bc6 23. R7d3 Rh6 24. Qf5 Bxc3 25. bxc3 Qxh2+ 26. Kf1 Re8 27. Rd8 Bb5+ 28. Qxb5 Qh1+ 0-1

[Event "CZE-chT 9798"]
[Site "CZE"]
[Date "1997.12.14"]
[Round "4"]
[White "Voloshin, Leonid"]
[Black "Stohl, Igor"]
[Result "1/2-1/2"]
[WhiteElo "2420"]
[BlackElo "2550"]
[PlyCount "29"]
[EventDate "1997.??.??"]
[Source "www.chesslib.no"]
[SourceDate "2004.05.04"]

1. e4 c6 2. d4 d5 3. exd5 cxd5 4. c4 Nf6 5. Nc3 e6 6. Nf3 Bb4 7. Bd3 dxc4 8. Bxc4 O-O 9. O-O Nc6 10. Bg5 Be7 11. a3 a6 12. Qd3 b5 13. Ba2 b4 14. Na4 bxa3 15. bxa3 1/2-1/2

[Event "Camp. sloveno 2007"]
[Site "Ljubljana SLO"]
[Date "2007.08.15"]
[Round "5"]
[White "Tratar, M."]
[Black "Sakelsek, T."]
[Result "1/2-1/2"]
[WhiteElo "2491"]
[BlackElo "2479"]
[PlyCount "22"]
[EventDate "2007.08.11"]
[Source "www.chesslib.no"]
[SourceDate "2004.05.04"]

1. d4 c6 2. e4 d5 3. exd5 cxd5 4. c4 Nf6 5. Nc3 e6 6. Nf3 dxc4 7. Bxc4 Be7 8. O-O O-O 9. Re1 Nc6 10. a3 a6 11. Bb3 Qc7 1/2-1/2

[Event "Liverpool"]
[Site "?"]
[Date "2006.09.12"]
[Round "7"]
[White "Dgebuadze Alexandre"]
[Black "Ciuksyte Dagne"]
[Result "0-1"]
[WhiteElo "2527"]
[BlackElo "2440"]
[PlyCount "76"]
[EventDate "2006.??.??"]
[Source "www.chesslib.no"]
[SourceDate "2004.05.04"]

1. d4 Nf6 2. Nf3 e6 3. e3 c5 4. c4 cxd4 5. exd4 d5 6. Nc3 Be7 7. Bd3 dxc4 8. Bxc4 Nc6 9. a3 O-O 10. O-O b6 11. Re1 Bb7 12. Bd3 Rc8 13. Bg5 Qd6 14. Nb5 Qd5 15. Qe2 a6 16. Bc4 Nxd4 17. Nbxd4 Rxc4 18. Rad1 b5 19. b3 Rcc8 20. Qb2 Rfd8 21. Qb1 Qc5 22. b4 Qc3 23. Re3 Qc7 24. Ne5 h6 25. Bxh6 Rxd4 26. Rxd4 Qc1+ 27. Rd1 Qxb1 28. Rxb1 gxh6 29. h3 Rc2 30. Rd1 Bd5 31. Rd4 Bd6 32. Rf4 Rc1+ 33. Kh2 Be4 34. Rg3+ Kf8 35. Rxf6 Bxe5 36. Rxh6 Rc3 37. f3 Rxa3 38. Rh4 Bxf3 0-1

[Event "Baden-Baden"]
[Site "Baden-Baden"]
[Date "1981.??.??"]
[Round "?"]
[White "Hort, Vlastimil"]
[Black "Roos, Louis"]
[Result "1-0"]
[WhiteElo "2595"]
[BlackElo "2370"]
[PlyCount "57"]
[EventDate "1981.07.??"]
[Source "ChessBase"]

1. d4 e6 2. c4 Nf6 3. Nc3 Bb4 4. e3 O-O 5. Bd3 d5 6. Nf3 c5 7. O-O cxd4 8. exd4 dxc4 9. Bxc4 Nc6 10. Bg5 Be7 11. a3 b6 12. Qd3 Bb7 13. Rad1 Rc8 14. Ba2 Re8 15. Rfe1 g6 16. h4 Nb8 17. Ne5 Bd5 18. Nxd5 Nxd5 19. Qf3 f5 20. Bxe7 Rxe7 21. h5 Kg7 22. Qg3 Qe8 23. Qg5 Nd7 24. Nxg6 hxg6 25. Bxd5 Nf6 26. Bf3 Nh7 27. Qg3 Kh6 28. hxg6 Qxg6 29. Qh4+ 1-0

[Event "Jurmala"]
[Site "Jurmala"]
[Date "1987.??.??"]
[Round "?"]
[White "Kosten, Anthony C"]
[Black "Bagirov, Vladimir"]
[Result "1-0"]
[WhiteElo "2495"]
[BlackElo "2470"]
[PlyCount "71"]
[EventDate "1987.09.??"]
[Source "ChessBase"]

1. e4 c6 2. d4 d5 3. exd5 cxd5 4. c4 Nf6 5. Nc3 Nc6 6. Bg5 Qa5 7. Bd2 dxc4 8. Bxc4 e6 9. Nf3 Be7 10. O-O Qd8 11. Bg5 O-O 12. a3 a6 13. Ba2 b5 14. Re1 Bb7 15. Qd3 b4 16. Na4 bxa3 17. bxa3 Qa5 18. Bxf6 gxf6 19. Nc3 Qh5 20. d5 Rfd8 21. Rad1 Ne5 22. Nxe5 fxe5 23. Qg3+ Qg6 24. dxe6 f6 25. Bd5 Qxg3 26. hxg3 Bxd5 27. Nxd5 Kf8 28. f4 exf4 29. gxf4 Rd6 30. Nxe7 Kxe7 31. f5 Rad8 32. Rb1 Rd5 33. Rb7+ Kd6 34. e7 Re8 35. Re6+ Kc5 36. Rc7+ 1-0

[Event "FRG Ch int 4th"]
[Site "Bad Lauterberg GER"]
[Date "1977.??.??"]
[Round "9"]
[White "Gligoric, Svetozar"]
[Black "Hermann, Manfred"]
[Result "1/2-1/2"]
[WhiteElo "2565"]
[BlackElo "2400"]
[PlyCount "106"]
[EventDate "1977.03.??"]
[Source "www.chesslib.no"]
[SourceDate "2004.05.04"]

1. d4 d5 2. c4 dxc4 3. Nf3 Nf6 4. e3 e6 5. Bxc4 c5 6. O-O cxd4 7. exd4 Be7 8. Nc3 O-O 9. Re1 Nc6 10. a3 a6 11. Bg5 b5 12. Bd3 Bb7 13. Bc2 Nd5 14. Qd3 g6 15. Bh6 Re8 16. Ne4 Nf6 17. Nc5 Bxc5 18. dxc5 Qxd3 19. Bxd3 e5 20. Bg5 Nd7 21. b4 f6 22. Bd2 Rad8 23. Be4 Nf8 24. Bc3 Re7 25. Bc2 Ne6 26. Rad1 Red7 27. Rxd7 Rxd7 28. Bb3 Kf7 29. Rd1 Rxd1+ 30. Bxd1 Ne7 31. g3 Bd5 32. Nd2 Nc6 33. f3 f5 34. Kf2 g5 35. g4 f4 36. Bc2 h6 37. Bf5 Ke7 38. Ne4 Bxe4 39. Bxe4 Ned4 40. Bxd4 Nxd4 41. Ke1 Kd7 42. Kd2 a5 43. Bd5 axb4 44. axb4 Nc6 45. Kc3 Kc7 46. Bxc6 Kxc6 47. Kd2 Kd5 48. Kd3 e4+ 49. fxe4+ Ke5 50. h3 Ke6 51. Kd4 Kd7 52. e5 Kc6 53. e6 Kc7 1/2-1/2

[Event "Muenster op"]
[Site "Muenster"]
[Date "1996.??.??"]
[Round "4"]
[White "Eingorn, Vereslav S"]
[Black "Holzke, Frank"]
[Result "1-0"]
[WhiteElo "2585"]
[BlackElo "2375"]
[PlyCount "115"]
[EventDate "1996.10.04"]
[Source "ChessBase"]

1. Nf3 Nf6 2. c4 c5 3. Nc3 Nc6 4. e3 e6 5. d4 d5 6. a3 cxd4 7. exd4 dxc4 8. Bxc4 Be7 9. O-O O-O 10. Bg5 b6 11. Qd3 Bb7 12. Rad1 Nd5 13. Bxd5 Bxg5 14. Be4 h6 15. d5 exd5 16. Nxd5 Kh8 17. Qc3 Rc8 18. Bf5 Ne7 19. Nxe7 Qxe7 20. Bxc8 Rxc8 21. Qd3 Bf6 22. Rfe1 Qc7 23. b4 Qc3 24. Re3 Qxd3 25. Rexd3 a5 26. Rd6 Rc3 27. Nd4 Bxd4 28. R1xd4 Rxa3 29. h3 axb4 30. Rxb6 Ba8 31. Rbxb4 Ra7 32. h4 h5 33. Rd8+ Kh7 34. Rbb8 Be4 35. Rh8+ Kg6 36. Rb5 Bf5 37. Rb3 Ra1+ 38. Kh2 Ra4 39. Rg3+ Rg4 40. f3 Rxg3 41. Kxg3 f6 42. Kf4 Bd3 43. g3 Bc2 44. Ke3 Bf5 45. Kd4 Bc2 46. Rc8 Bd1 47. Ke4 Bb3 48. Rc7 Bd1 49. Rc1 Be2 50. Ke3 Bb5 51. Rc7 Bf1 52. Kd4 Be2 53. f4 Bg4 54. Kd5 Bf5 55. Kd6 Bb1 56. Rc5 Ba2 57. Ke7 Kh6 58. Kf8 1-0

[Event "World Open"]
[Site "Philadelphia, PA USA"]
[Date "1989.??.??"]
[Round "10"]
[White "Smagin, Sergey B"]
[Black "Silman, Jeremy D"]
[Result "1-0"]
[WhiteElo "2540"]
[BlackElo "2410"]
[PlyCount "61"]
[EventDate "1989.06.??"]
[Source "www.chesslib.no"]
[SourceDate "2004.05.04"]

1. e4 c6 2. c4 d5 3. cxd5 cxd5 4. exd5 Nf6 5. Nc3 Nxd5 6. Nf3 Nc6 7. Bc4 e6 8. O-O Be7 9. d4 Nf6 10. a3 O-O 11. Bg5 b6 12. Qd3 Bb7 13. Rad1 Qc7 14. Ba2 Rad8 15. Bb1 g6 16. Ba2 Rd7 17. Qe2 Qd8 18. Qe3 Ng4 19. Qf4 Bxg5 20. Nxg5 Rxd4 21. Nge4 h5 22. h3 e5 23. Qg3 Rxd1 24. Rxd1 Nd4 25. Rd2 Bxe4 26. hxg4 Ba8 27. gxh5 Nf3+ 28. gxf3 Qxd2 29. hxg6 Qc1+ 30. Kg2 Qh6 31. gxf7+ 1-0

[Event "Komercni Banka op"]
[Site "Pardubice"]
[Date "1996.??.??"]
[Round "2"]
[White "Dydyshko, Viacheslav"]
[Black "Voloshin, Leonid"]
[Result "1/2-1/2"]
[WhiteElo "2545"]
[BlackElo "2400"]
[PlyCount "39"]
[EventDate "1996.07.??"]
[Source "www.chesslib.no"]
[SourceDate "2004.05.04"]

1. d4 d5 2. c4 dxc4 3. e3 c5 4. Bxc4 cxd4 5. exd4 Nf6 6. Nf3 e6 7. O-O Be7 8. Nc3 O-O 9. Bg5 Nc6 10. a3 Nd5 11. Ne4 Bxg5 12. Nexg5 h6 13. Ne4 b6 14. Qd3 Bb7 15. Rad1 Rc8 16. Rfe1 Nce7 17. Ba2 Nf5 18. Bb1 Nf6 19. Nxf6+ Qxf6 20. g4 1/2-1/2

[Event "Ch (Men) Vilnius LTU"]
[Site "?"]
[Date "2006.03.22"]
[Round "6"]
[White "Sarakauskas Gediminas"]
[Black "Zagorskis Darius"]
[Result "1/2-1/2"]
[WhiteElo "2453"]
[BlackElo "2489"]
[PlyCount "57"]
[EventDate "2006.??.??"]
[Source "www.chesslib.no"]
[SourceDate "2004.05.04"]

1. Nf3 c5 2. c4 Nc6 3. Nc3 Nf6 4. e3 e6 5. d4 d5 6. a3 cxd4 7. exd4 dxc4 8. Bxc4 Be7 9. O-O O-O 10. Re1 b6 11. d5 Na5 12. Ba2 exd5 13. Nxd5 Nxd5 14. Qxd5 Be6 15. Qxd8 Rfxd8 16. Bxe6 fxe6 17. Bg5 Bxg5 18. Nxg5 Rd2 19. b4 Nc4 20. Rxe6 Nxa3 21. h4 Rd3 22. Rae1 Rdd8 23. Re7 Rf8 24. R1e3 Nb5 25. R3e5 Nd4 26. Rd7 Rfd8 27. Rxd8+ Rxd8 28. Re7 Ra8 29. Re4 1/2-1/2

[Event "Mondariz zt 1.1"]
[Site "Mondariz"]
[Date "2000.09.06"]
[Round "4"]
[White "Plaskett, Jim"]
[Black "Reinaldo Castineira, Roi"]
[Result "0-1"]
[WhiteElo "2525"]
[BlackElo "2416"]
[PlyCount "54"]
[EventDate "2000.09.03"]
[Source "ChessBase"]
[SourceDate "2000.11.21"]

1. e4 e6 2. d4 d5 3. Nd2 Nf6 4. Bd3 c5 5. c3 Nc6 6. Ngf3 cxd4 7. cxd4 dxe4 8. Nxe4 Be7 9. Nc3 O-O 10. O-O b6 11. Re1 Bb7 12. a3 Rc8 13. Bc2 Rc7 14. Be3 Qa8 15. Qd3 Na5 16. Bf4 Rcc8 17. Ng5 g6 18. Qh3 Nh5 19. g4 Bxg5 20. Bxg5 Ng7 21. Be7 Rfe8 22. Bf6 h5 23. Re5 Nc4 24. gxh5 Nxe5 25. hxg6 Nf3+ 26. Kf1 Ba6+ 27. Kg2 Ng5+ 0-1

[Event "Copenhagen Open 16th"]
[Site "Copenhagen DEN"]
[Date "1994.??.??"]
[Round "10"]
[White "Brodsky, Michail"]
[Black "Berg, Klaus"]
[Result "1-0"]
[WhiteElo "2500"]
[BlackElo "2440"]
[PlyCount "63"]
[EventDate "1994.06.??"]
[Source "www.chesslib.no"]
[SourceDate "2004.05.04"]

1. e4 c6 2. d4 d5 3. exd5 cxd5 4. c4 Nf6 5. Nc3 e6 6. Nf3 Bb4 7. Bd3 dxc4 8. Bxc4 O-O 9. O-O Nc6 10. a3 Be7 11. Re1 a6 12. Ba2 Qd6 13. Be3 b5 14. Rc1 Bb7 15. d5 exd5 16. Bc5 Qd7 17. Nxd5 Nxd5 18. Bxd5 Bxc5 19. Rxc5 Rad8 20. Qc1 Na5 21. Ne5 Qd6 22. Ba2 Qd2 23. Bxf7+ Kh8 24. Qxd2 Rxd2 25. b4 Nc4 26. Bxc4 bxc4 27. f3 g5 28. Nxc4 Rc2 29. Re7 Rc1+ 30. Kf2 Rc2+ 31. Kg3 Ba8 32. Rcc7 1-0

[Event "Vrnjacka Banja"]
[Site "Vrnjacka Banja"]
[Date "1984.??.??"]
[Round "?"]
[White "Vaisser, Anatoli"]
[Black "Martinovic, Slobodan"]
[Result "1/2-1/2"]
[WhiteElo "2475"]
[BlackElo "2460"]
[PlyCount "112"]
[EventDate "1984.04.??"]
[Source "ChessBase"]

1. d4 Nf6 2. c4 e6 3. Nc3 Bb4 4. e3 c5 5. Bd3 d5 6. Nf3 O-O 7. O-O Nc6 8. a3 cxd4 9. exd4 dxc4 10. Bxc4 Bxc3 11. bxc3 Qa5 12. Qc2 e5 13. Bg5 e4 14. Bxf6 exf3 15. Bh4 Qh5 16. Qe4 fxg2 17. Rfe1 Bg4 18. Bg3 Bf3 19. Qd3 Bd5 20. Rab1 Rfe8 21. Rxe8+ Rxe8 22. Bxd5 Qxd5 23. c4 Qxd4 24. Qxd4 Nxd4 25. Rxb7 h5 26. Kxg2 Rc8 27. Rxa7 Rxc4 28. a4 g5 29. h3 Kg7 30. a5 Ne6 31. Kf3 Kg6 32. a6 Ra4 33. Ra8 Kf5 34. Ke2 Ke4 35. f3+ Kf5 36. Bd6 Nf4+ 37. Ke3 Nd5+ 38. Kd3 Nb6 39. Rh8 Rxa6 40. Rxh5 Nd5 41. Bg3 Ra3+ 42. Ke2 Nf4+ 43. Bxf4 Kxf4 44. h4 Ra2+ 45. Kd1 gxh4 46. Rxh4+ Kxf3 47. Rh5 Kg4 48. Rb5 f5 49. Ke1 Ra3 50. Kf2 f4 51. Rb2 Rh3 52. Rb8 Rh2+ 53. Kg1 Ra2 54. Rb3 Rc2 55. Kf1 Ra2 56. Rc3 f3 1/2-1/2

[Event "EYCC B18, Halkidiki GRE"]
[Site "?"]
[Date "2001.??.??"]
[Round "6"]
[White "Izoria, Z."]
[Black "Drozdovskij, Y."]
[Result "1-0"]
[WhiteElo "2485"]
[BlackElo "2450"]
[PlyCount "67"]
[EventDate "2001.??.??"]
[Source "www.chesslib.no"]
[SourceDate "2004.05.04"]

1. d4 d5 2. c4 dxc4 3. e3 Nf6 4. Bxc4 e6 5. Nf3 c5 6. O-O Nc6 7. a3 cxd4 8. exd4 Be7 9. Nc3 O-O 10. Re1 Nd5 11. Qd3 Nxc3 12. bxc3 b6 13. Qe4 Bb7 14. Bd3 g6 15. Bh6 Re8 16. Qg4 Bf6 17. h4 Bg7 18. Bxg7 Kxg7 19. h5 f5 20. Qf4 Qf6 21. h6+ Kg8 22. Ng5 Na5 23. Re5 Re7 24. Rae1 Bd5 25. Be4 Bxe4 26. Nxe4 Qf8 27. Ng5 Qxh6 28. d5 Qg7 29. d6 Rd7 30. Rxe6 Qxc3 31. Re8+ Rxe8 32. Rxe8+ Kg7 33. Qh4 h6 34. Ne6+ 1-0

[Event "It (open)"]
[Site "?"]
[Date "2005.03.26"]
[Round "6"]
[White "Ubilava Elizbar"]
[Black "Baron Rodriguez Jesus"]
[Result "1-0"]
[WhiteElo "2513"]
[BlackElo "2422"]
[PlyCount "46"]
[EventDate "2005.??.??"]
[Source "www.chesslib.no"]
[SourceDate "2004.05.04"]

1. c4 e6 2. Nf3 d5 3. d4 Nf6 4. Nc3 Bb4 5. e3 O-O 6. Bd3 c5 7. O-O cxd4 8. exd4 dxc4 9. Bxc4 Nc6 10. Bg5 Be7 11. a3 b6 12. Qd3 Bb7 13. Rad1 Rc8 14. Ba2 Nd5 15. Bb1 g6 16. Bh6 Re8 17. Ne4 Nf6 18. Bd2 Nxe4 19. Qxe4 Na5 20. Qe5 Bf6 21. Qf4 Bg7 22. Ne5 Qf6 23. Qe3 Bd5 1-0

[Event "Santos Mario Covas 1st"]
[Site "Santos"]
[Date "2001.01.31"]
[Round "3"]
[White "De Toledo, James Mann"]
[Black "Lima, Darcy"]
[Result "1/2-1/2"]
[WhiteElo "2384"]
[BlackElo "2544"]
[PlyCount "93"]
[EventDate "2001.01.29"]
[Source "ChessBase"]
[SourceDate "2001.05.17"]

1. c4 Nf6 2. Nf3 e6 3. Nc3 d5 4. d4 c5 5. e3 Nc6 6. a3 cxd4 7. exd4 dxc4 8. Bxc4 Be7 9. O-O O-O 10. Re1 a6 11. Ba2 b5 12. d5 exd5 13. Nxd5 Nxd5 14. Qxd5 Bb7 15. Qh5 Qc7 16. Ng5 Bxg5 17. Bxg5 Rae8 18. Rad1 Nd4 19. Qg4 Ne6 20. Bd2 Kh8 21. Bc3 Bc8 22. Qg3 Qxg3 23. hxg3 Rd8 24. f3 Rxd1 25. Rxd1 Rd8 26. Rxd8+ Nxd8 27. Kf2 Be6 28. Bxe6 fxe6 29. Ke3 Nc6 30. Ke4 Kg8 31. f4 g6 32. g4 Kf7 33. f5 Ke7 34. Kf4 Kf7 35. Ke4 Ke7 36. Kf4 Kf7 37. g3 Ke7 38. Kg5 Kf7 39. fxe6+ Kxe6 40. Kh6 Kf7 41. Kxh7 Nd8 42. Kh6 Ne6 43. Be5 Nc5 44. Kg5 Ne6+ 45. Kh6 Nc5 46. Kg5 Ne6+ 47. Kh6 1/2-1/2

[Event "Ferrol op 18th"]
[Site "Ferrol"]
[Date "2002.07.22"]
[Round "6"]
[White "Paunovic, Dragan"]
[Black "Ivanov, Jordan"]
[Result "1-0"]
[WhiteElo "2514"]
[BlackElo "2414"]
[PlyCount "127"]
[EventDate "2002.07.17"]
[Source "ChessBase"]
[SourceDate "2002.09.11"]

1. Nf3 d5 2. d4 c5 3. c4 dxc4 4. e3 Nf6 5. Bxc4 e6 6. O-O cxd4 7. exd4 Be7 8. Nc3 O-O 9. Re1 Nc6 10. a3 b6 11. d5 Na5 12. Ba2 Nxd5 13. Nxd5 exd5 14. Bxd5 Bb7 15. Bxb7 Nxb7 16. Qxd8 Bxd8 17. Bf4 Bf6 18. Be5 Bxe5 19. Nxe5 Rfc8 20. Rac1 Na5 21. b4 f6 22. bxa5 fxe5 23. g3 Kf7 24. Rxc8 Rxc8 25. Rxe5 Rc3 26. Re3 Rc1+ 27. Kg2 Rb1 28. Rc3 bxa5 29. Rc5 Rb6 30. Rxa5 a6 31. h4 g6 32. h5 Kg7 33. hxg6 hxg6 34. f4 Kh6 35. Kh3 Rc6 36. Kh4 Rd6 37. Rc5 Rd4 38. Ra5 Rd6 39. Kg4 Rc6 40. Kf3 Rc3+ 41. Kf2 Rc2+ 42. Ke1 Rg2 43. Rxa6 Kg7 44. a4 Rxg3 45. Ke2 g5 46. f5 Kf7 47. a5 Ra3 48. Kf2 g4 49. Kg2 Kg7 50. Ra8 Rf3 51. a6 Rxf5 52. Kg3 Rf1 53. Kxg4 Rg1+ 54. Kf5 Rf1+ 55. Ke5 Re1+ 56. Kd5 Rd1+ 57. Kc6 Rc1+ 58. Kb6 Rb1+ 59. Ka7 Kf7 60. Rb8 Rc1 61. Rb6 Re1 62. Ka8 Re8+ 63. Rb8 Re1 64. a7 1-0

[Event "US Open"]
[Site "New York, NY USA"]
[Date "1974.??.??"]
[Round "9"]
[White "Reshevsky, Samuel H"]
[Black "Gilden, Lawrence C"]
[Result "1/2-1/2"]
[WhiteElo "2550"]
[BlackElo "2375"]
[PlyCount "59"]
[EventDate "1974.08.??"]
[Source "www.chesslib.no"]
[SourceDate "2004.05.04"]

1. d4 Nf6 2. c4 e6 3. Nc3 Bb4 4. e3 O-O 5. Bd3 d5 6. Nf3 c5 7. O-O Nc6 8. a3 cxd4 9. exd4 Bxc3 10. bxc3 dxc4 11. Bxc4 Qa5 12. Qb3 Qc7 13. Be2 e5 14. dxe5 Nxe5 15. Nd4 Ng6 16. Re1 b6 17. Bg5 Ng4 18. Bxg4 Bxg4 19. h3 Bc8 20. Bd2 Bb7 21. Re3 Rad8 22. Rae1 Bd5 23. Qd1 Qd6 24. Qg4 f5 25. Nxf5 Qf6 26. Ne7+ Nxe7 27. Rxe7 Qxf2+ 28. Kh2 Qxg2+ 29. Qxg2 Bxg2 30. Be3 1/2-1/2

[Event "October GM"]
[Site "?"]
[Date "1999.??.??"]
[Round "?"]
[White "Ovsejevitsch Sergei"]
[Black "Khurtsidze Nino"]
[Result "1-0"]
[WhiteElo "2515"]
[BlackElo "2405"]
[PlyCount "75"]
[EventDate "1999.??.??"]
[Source "www.chesslib.no"]
[SourceDate "2004.05.04"]

1. d4 Nf6 2. c4 e6 3. Nc3 d5 4. Nf3 Bb4 5. e3 c5 6. Bd3 O-O 7. O-O cxd4 8. exd4 dxc4 9. Bxc4 Nc6 10. Bd3 b6 11. a3 Be7 12. Re1 Bb7 13. Bc2 Rc8 14. Qd3 Rc7 15. Bg5 g6 16. Rad1 Qc8 17. Ne5 Rd8 18. Qe3 Nd5 19. Nxd5 Bxg5 20. Qxg5 Rxd5 21. Bb3 Qd8 22. Qf4 Rd6 23. Ng4 Kg7 24. Qh6+ Kg8 25. d5 exd5 26. Rxd5 Rcd7 27. Rxd6 Rxd6 28. Bxf7+ Kh8 29. Nf6 Rxf6 30. Re8+ Qxe8 31. Bxe8 Kg8 32. Bxc6 Bxc6 33. h4 a5 34. h5 Re6 35. Qg5 Kf7 36. Qf4+ Kg7 37. h6+ Kg8 38. Qc7 1-0

[Event "NED Ch Open"]
[Site "Dieren NED"]
[Date "1984.??.??"]
[Round "9"]
[White "Sunye Neto, Jaime"]
[Black "Ligterink, Gert"]
[Result "1/2-1/2"]
[WhiteElo "2470"]
[BlackElo "2445"]
[PlyCount "29"]
[EventDate "1984.??.??"]
[Source "www.chesslib.no"]
[SourceDate "2004.05.04"]

1. d4 Nf6 2. c4 e6 3. Nc3 Bb4 4. e3 O-O 5. Bd3 c5 6. Nf3 d5 7. O-O Nc6 8. a3 cxd4 9. exd4 Bxc3 10. bxc3 dxc4 11. Bxc4 Qa5 12. Bb2 e5 13. Nxe5 Nxe5 14. dxe5 Qxe5 15. Re1 1/2-1/2

[Event "LXIX ch-BRA"]
[Site "?"]
[Date "2003.01.14"]
[Round "7"]
[White "Disconzi da Silva Rodrigo"]
[Black "Lima Darcy"]
[Result "0-1"]
[WhiteElo "2389"]
[BlackElo "2521"]
[PlyCount "70"]
[EventDate "2003.??.??"]
[Source "www.chesslib.no"]
[SourceDate "2004.05.04"]

1. d4 Nf6 2. c4 e6 3. Nf3 d5 4. Nc3 c5 5. e3 dxc4 6. Bxc4 cxd4 7. exd4 Be7 8. O-O O-O 9. Re1 Nc6 10. a3 b6 11. Qd3 Bb7 12. Bg5 Nd5 13. Bxd5 Bxg5 14. Be4 g6 15. Qb5 Bf6 16. Bxc6 a6 17. Qa4 b5 18. Bxb5 axb5 19. Qxb5 Bxf3 20. gxf3 Bxd4 21. Qe2 Rb8 22. Rac1 Rb3 23. Rc2 Qa5 24. Nd1 Rfb8 25. Qd2 Qf5 26. Rc4 Rd3 27. Qe2 Qg5+ 28. Kh1 Rd2 29. Qe4 Bxf2 30. Rf1 Bd4 31. Qg4 Qe5 32. Rc1 Qe2 33. Qh3 Rb5 34. Rg1 Bxg1 35. Nc3 Qxh2+ 0-1

[Event "Cutro op 8th"]
[Site "Cutro"]
[Date "2002.04.26"]
[Round "4"]
[White "Del Rio Angelis, Salvador Gabriel"]
[Black "Ivanov, Jordan"]
[Result "1-0"]
[WhiteElo "2495"]
[BlackElo "2411"]
[PlyCount "95"]
[EventDate "2002.04.24"]
[Source "ChessBase"]
[SourceDate "2002.07.08"]

1. d4 d5 2. c4 dxc4 3. Nf3 e6 4. e3 Nf6 5. Bxc4 c5 6. O-O Nc6 7. a3 cxd4 8. exd4 Be7 9. Nc3 O-O 10. Re1 b6 11. d5 Na5 12. Ba2 Nxd5 13. Nxd5 exd5 14. Bxd5 Bb7 15. Bxb7 Nxb7 16. Qe2 Bf6 17. Rd1 Qe8 18. Be3 Qa4 19. Bd4 Rfe8 20. Qf1 Bxd4 21. Rxd4 Qb3 22. Rb4 Qe6 23. h4 Nc5 24. Rd1 Rad8 25. Rbd4 Rxd4 26. Rxd4 Qf5 27. Qb5 Kf8 28. b4 Qb1+ 29. Kh2 Ne6 30. Rd7 Qe4 31. Qh5 Re7 32. Rd1 h6 33. Re1 Qc6 34. Qg4 b5 35. Ne5 Qc3 36. Qe4 Qd4 37. Qh7 Qxh4+ 38. Kg1 Rc7 39. Qh8+ Ke7 40. Ng6+ fxg6 41. Qxg7+ Kd6 42. Qe5+ Kc6 43. Qxe6+ Kb7 44. Qd5+ Rc6 45. Qxb5+ Kc7 46. Qe5+ Kb7 47. b5 Rf6 48. Qe7+ 1-0

[Event "Czech Extra League"]
[Site "?"]
[Date "2001.??.??"]
[Round "?"]
[White "Kalod, R."]
[Black "Markos, J."]
[Result "1-0"]
[WhiteElo "2490"]
[BlackElo "2415"]
[PlyCount "61"]
[EventDate "2001.??.??"]
[Source "www.chesslib.no"]
[SourceDate "2004.05.04"]

1. Nf3 Nf6 2. c4 c5 3. Nc3 e6 4. e3 Nc6 5. d4 d5 6. a3 cxd4 7. exd4 dxc4 8. Bxc4 Be7 9. O-O O-O 10. Re1 b6 11. Bg5 Bb7 12. Qd3 Nd5 13. Bxd5 Bxg5 14. Be4 h6 15. Rad1 Bf6 16. d5 exd5 17. Nxd5 Qd6 18. Nxf6+ Qxf6 19. Qd7 Rab8 20. Rd6 Rfd8 21. Rxf6 Rxd7 22. Bxc6 Rd3 23. Bxb7 gxf6 24. Be4 Rb3 25. Re2 Rd8 26. h3 Rb5 27. b4 Re8 28. Bh7+ Kf8 29. Rxe8+ Kxe8 30. Be4 Kf8 31. g4 1-0

[Event "Lomas de Zamora op"]
[Site "?"]
[Date "1995.??.??"]
[Round "4"]
[White "Scarella Enrique Alejandro"]
[Black "Campora Daniel Hugo"]
[Result "0-1"]
[WhiteElo "2380"]
[BlackElo "2525"]
[PlyCount "100"]
[EventDate "1995.??.??"]
[Source "www.chesslib.no"]
[SourceDate "2004.05.04"]

1. d4 d5 2. c4 dxc4 3. e3 Nf6 4. Bxc4 e6 5. Nf3 c5 6. O-O Nc6 7. Nc3 cxd4 8. exd4 Be7 9. Re1 O-O 10. a3 b6 11. d5 Na5 12. Ba2 exd5 13. Nxd5 Nxd5 14. Qxd5 Be6 15. Qxd8 Raxd8 16. Bxe6 fxe6 17. b4 Bf6 18. Ra2 Nb3 19. Bg5 Nd4 20. Nxd4 Rxd4 21. Bxf6 gxf6 22. Kf1 Kf7 23. Rc2 Rfd8 24. Re3 R8d7 25. Ke2 e5 26. Rec3 Ke6 27. Rc7 Rd2+ 28. Rxd2 Rxc7 29. Rd8 Rc2+ 30. Ke3 Ra2 31. Rd3 f5 32. g3 h5 33. Rc3 Kd5 34. h3 a6 35. h4 e4 36. b5 axb5 37. Rb3 b4 38. axb4 Kc4 39. Rb1 b5 40. Rd1 Ra3+ 41. Ke2 Rd3 42. Rb1 Rb3 43. Rc1+ Rc3 44. Rb1 Rf3 45. Rb2 f4 46. gxf4 Rxf4 47. Ke3 Rxh4 48. Rb1 Rg4 49. f3 exf3 50. Kxf3 Rd4 0-1

[Event "URS-ch sf"]
[Site "Aktjubinsk"]
[Date "1985.??.??"]
[Round "?"]
[White "Gofshtein, Leonid D"]
[Black "Giorgadze, Giorgi"]
[Result "1-0"]
[WhiteElo "2395"]
[BlackElo "2500"]
[PlyCount "47"]
[EventDate "1985.07.??"]
[Source "ChessBase"]

1. d4 d5 2. c4 e6 3. Nc3 c5 4. e3 Nf6 5. Nf3 Nc6 6. a3 cxd4 7. exd4 dxc4 8. Bxc4 Be7 9. O-O O-O 10. Re1 b6 11. Qd3 Bb7 12. Ba2 Qd7 13. Bg5 Rad8 14. Rad1 Rfe8 15. Bb1 g6 16. h4 Qc7 17. Qe2 Ng4 18. d5 exd5 19. Nxd5 Rxd5 20. Rxd5 Nd4 21. Rxd4 Bxf3 22. Bf4 Bxe2 23. Bxc7 Rc8 24. Rxg4 1-0

[Event "Simultaneous Exhibition"]
[Site "?"]
[Date "1996.??.??"]
[Round "9"]
[White "Degraeve Jean-Marc"]
[Black "Ginzburg Maximiliano"]
[Result "1-0"]
[WhiteElo "2490"]
[BlackElo "2405"]
[PlyCount "75"]
[EventDate "1996.??.??"]
[Source "www.chesslib.no"]
[SourceDate "2004.05.04"]

1. d4 c5 2. e3 Nf6 3. Nf3 e6 4. c4 d5 5. Nc3 Nc6 6. a3 cxd4 7. exd4 Be7 8. Bd3 dxc4 9. Bxc4 O-O 10. O-O b6 11. Re1 Bb7 12. Bd3 Rc8 13. Bc2 a6 14. Qd3 Rc7 15. Bg5 g6 16. Rad1 Rd7 17. Bb3 Nd5 18. Bh6 Nxc3 19. bxc3 Re8 20. a4 Bf6 21. Ba2 Qc7 22. Ng5 Qd8 23. h4 Bg7 24. Bxg7 Kxg7 25. Qg3 Qf6 26. Ne4 Qd8 27. h5 Nb8 28. Qe5+ f6 29. h6+ Kf7 30. Ng5+ Kg8 31. Bxe6+ Kh8 32. Bxd7 fxe5 33. Nf7+ Kg8 34. Nxd8 Rxd8 35. Be6+ Kf8 36. dxe5 Rxd1 37. Rxd1 Ke7 38. Bg8 1-0